Room-and-pillar mining of thick coal seams in the conditions of high gas dynamic hazard in Kuzbass; IOP Conference Series: Earth and Environmental Science; Vol. 262 : Challenges for Development in Mining Science and Mining Industry

Xehetasun bibliografikoak
Parent link:IOP Conference Series: Earth and Environmental Science
Vol. 262 : Challenges for Development in Mining Science and Mining Industry.— 2019.— [012064, 6 p.]
Egile nagusia: Sementsov V. V. Vyacheslav Vladimirovich
Erakunde egilea: Национальный исследовательский Томский политехнический университет Юргинский технологический институт
Beste egile batzuk: Prokopenko S. A. Sergey Arturovich
Gaia:Title screen
Room-and-pillar coal mining is effective in the areas unsuitable for fully mechanized longwalling. This mining method has advantages and disadvantages. The application of the room-and-pillar technique to mining of thick coal seams in the conditions of high gas dynamic hazard is face \d with such problems as impossibility of full-height extraction; heading without preliminary prediction of rock bursts and outbursts, or without early prevention of floor fracturing, etc. The ways to solve such problems in terms of coal mines in Kuzbass could be useful for mines in other regions.
Hizkuntza:ingelesa
Argitaratua: 2019
Gaiak:
Sarrera elektronikoa:http://earchive.tpu.ru/handle/11683/57263
https://doi.org/10.1088/1755-1315/262/1/012064
Formatua: Baliabide elektronikoa Liburu kapitulua
KOHA link:https://koha.lib.tpu.ru/cgi-bin/koha/opac-detail.pl?biblionumber=661358

MARC

LEADER 00000naa0a2200000 4500
001 661358
005 20250829132909.0
035 |a (RuTPU)RU\TPU\network\31701 
035 |a RU\TPU\network\27798 
090 |a 661358 
100 |a 20191203d2019 k||y0engy50 ba 
101 0 |a eng 
102 |a GB 
135 |a drcn ---uucaa 
181 0 |a i  
182 0 |a b 
200 1 |a Room-and-pillar mining of thick coal seams in the conditions of high gas dynamic hazard in Kuzbass  |f V. V. Sementsov, S. A. Prokopenko 
203 |a Text  |c electronic 
300 |a Title screen 
320 |a [References: 22 tit.] 
330 |a Room-and-pillar coal mining is effective in the areas unsuitable for fully mechanized longwalling. This mining method has advantages and disadvantages. The application of the room-and-pillar technique to mining of thick coal seams in the conditions of high gas dynamic hazard is face \d with such problems as impossibility of full-height extraction; heading without preliminary prediction of rock bursts and outbursts, or without early prevention of floor fracturing, etc. The ways to solve such problems in terms of coal mines in Kuzbass could be useful for mines in other regions. 
461 0 |0 (RuTPU)RU\TPU\network\2499  |t IOP Conference Series: Earth and Environmental Science 
463 |t Vol. 262 : Challenges for Development in Mining Science and Mining Industry  |o [proceedings], 1-5 October 2018, Novosibirsk, Russian Federation  |v [012064, 6 p.]  |d 2019 
610 1 |a электронный ресурс 
610 1 |a труды учёных ТПУ 
610 1 |a угольные пласты 
610 1 |a газодинамические проблемы 
610 1 |a Кузбасс 
700 1 |a Sementsov  |b V. V.  |g Vyacheslav Vladimirovich 
701 1 |a Prokopenko  |b S. A.  |c mining engineer, economist  |c Professor of Tomsk Polytechnic University and Yurga technological Institute of Tomsk Polytechnic University, Doctor of technical sciences  |f 1959-  |g Sergey Arturovich  |3 (RuTPU)RU\TPU\pers\34648 
712 0 2 |a Национальный исследовательский Томский политехнический университет  |b Юргинский технологический институт  |c (2009- )  |3 (RuTPU)RU\TPU\col\15903 
801 2 |a RU  |b 63413507  |c 20200110  |g RCR 
856 4 |u http://earchive.tpu.ru/handle/11683/57263 
856 4 |u https://doi.org/10.1088/1755-1315/262/1/012064 
942 |c CF